00432 2200169 4500001002100000005001500021035002000036245003600056100001400092250000600106300001800112260006000130082001600190084002200206020001800228650001600246INLIS00000000000203520250320012606 a0010-03250000801 adaun-daun istimewa /csaptorini0 asaptorini a1 a28 ;c21 x 29 aBogor :bbadan pengembangan dan pembinaan bahasa,c2021 a398.209 598 a398.209 598 SAP d a9786233071895 4acerita anak